[Event "ACT-ch"]
[Site "Canberra"]
[Date "2002.09.18"]
[Round "7"]
[White "Wei, Michael"]
[Black "Logan, John"]
[Result "1-0"]
[WhiteElo "1699"]
[BlackElo "1464"]
[PlyCount "105"]
[EventDate "2002.08.07"]
[EventType "swiss"]
[EventRounds "11"]
[EventCountry "AUS"]
[SourceTitle "EXT 2006"]
[Source "ChessBase"]
[SourceDate "2005.11.24"]
[SourceVersion "1"]
[SourceVersionDate "2005.11.24"]
[SourceQuality "1"]

1. e4 e5 2. Nf3 Nf6 3. Nxe5 Qe7 4. d4 d6 5. Nf3 Nxe4 6. Be2 Bg4 7. 0-0 Nc6 8. Bb5 d5 9. Re1 Be6 10. Ne5 Qd6 11. f3 Nf6 12. b3 a6 13. Ba3 Qd8 14. Nxc6 Qd7 15. Nd8 axb5 16. Bxf8 Rxf8 17. Nxb7 c6 18. Nc5 Qd6 19. a4 Nd7 20. Nxe6 fxe6 21. Nc3 b4 22. Ne2 Rf6 23. Qd2 Rh6 24. Ng3 Kf7 25. c3 bxc3 26. Qxc3 Nf6 27. Rec1 Rc8 28. b4 Nh5 29. Nxh5 Rxh5 30. g3 Rg5 31. f4 Rg6 32. Qc5 Qc7 33. b5 Kg8 34. Kh1 Qa5 35. Qc3 Qb6 36. bxc6 e5 37. Rab1 Qa6 38. Qc5 Rgxc6 39. Qxd5+ Kf8 40. Rxc6 Rxc6 41. Rb8+ Ke7 42. Qxe5+ Kf7 43. Qb5 Rc1+ 44. Kg2 Rc2+ 45. Kf3 Rc3+ 46. Kf2 Rc2+ 47. Ke3 Qe6+ 48. Qe5 Rc3+ 49. Kd2 Qc6 50. Qf5+ Ke7 51. Qf8+ Ke6 52. Re8+ Kd7 53. Qe7# 1-0

[Event "ACT-ch"]
[Site "Canberra"]
[Date "2002.08.21"]
[Round "3"]
[White "Reading, Jeremy"]
[Black "Logan, John"]
[Result "0-1"]
[WhiteElo "1265"]
[BlackElo "1464"]
[PlyCount "72"]
[EventDate "2002.08.07"]
[EventType "swiss"]
[EventRounds "11"]
[EventCountry "AUS"]
[SourceTitle "EXT 2006"]
[Source "ChessBase"]
[SourceDate "2005.11.24"]
[SourceVersion "1"]
[SourceVersionDate "2005.11.24"]
[SourceQuality "1"]

1. Nf3 d5 2. g3 c5 3. Bg2 Nc6 4. 0-0 Bg4 5. d3 Nf6 6. Nbd2 Qd7 7. c4 d4 8. Ng5 h6 9. Nge4 Nxe4 10. Nxe4 e5 11. f3 Bh3 12. Bd2 Bxg2 13. Kxg2 f5 14. Nf2 g5 15. g4 Be7 16. h3 0-0-0 17. a3 h5 18. gxf5 Qxf5 19. Ne4 Rdg8 20. Qe1 Qd7 21. Nxg5 Bxg5 22. Bxg5 Rxg5+ 23. Kh2 Rhg8 24. Qf2 Qf5 25. Rg1 Qf4+ 26. Kh1 Ne7 27. Rxg5 Rxg5 28. Rg1 Nf5 29. Rxg5 Qxg5 30. Qg2 Ng3+ 31. Kh2 h4 32. b4 cxb4 33. axb4 Qf4 34. Kg1 Qe3+ 35. Kh2 Qxe2 36. Qxe2 Nxe2 0-1

[Event "ACT-ch"]
[Site "Belconnen"]
[Date "2001.09.14"]
[Round "4"]
[White "Guo Yuthok, Sherab"]
[Black "Logan, John"]
[Result "0-1"]
[WhiteElo "1078"]
[BlackElo "1521"]
[PlyCount "48"]
[EventDate "2001.08.24"]
[EventType "swiss"]
[EventRounds "9"]
[EventCountry "AUS"]
[SourceTitle "EXT 2006"]
[Source "ChessBase"]
[SourceDate "2005.11.24"]
[SourceVersion "1"]
[SourceVersionDate "2005.11.24"]
[SourceQuality "1"]

1. e4 e5 2. Nf3 Nc6 3. Bb5 a6 4. Ba4 b5 5. Bb3 d6 6. 0-0 Bg4 7. c3 Nf6 8. Qe2 Be7 9. Rd1 d5 10. exd5 e4 11. dxc6 exf3 12. gxf3 Bh3 13. Re1 Qd6 14. d4 Nd5 15. Qe4 Be6 16. Qe5 Qxc6 17. Qxg7 0-0-0 18. Kf1 Bf6 19. Bxd5 Bxd5 20. Qg4+ Kb7 21. Nd2 Rhg8 22. Qf5 Rg5 23. Qd3 Rdg8 24. Ne4 Bc4 0-1

[Event "ACT-ch"]
[Site "Belconnen"]
[Date "2001.09.07"]
[Round "3"]
[White "Ikeda, Junta"]
[Black "Logan, John"]
[Result "0-1"]
[WhiteElo "613"]
[BlackElo "1521"]
[PlyCount "96"]
[EventDate "2001.08.24"]
[EventType "swiss"]
[EventRounds "9"]
[EventCountry "AUS"]
[SourceTitle "EXT 2006"]
[Source "ChessBase"]
[SourceDate "2005.11.24"]
[SourceVersion "1"]
[SourceVersionDate "2005.11.24"]
[SourceQuality "1"]

1. d4 d5 2. Nc3 Bf5 3. Bf4 e6 4. e3 c6 5. Bd3 Bxd3 6. Qxd3 Bd6 7. Nge2 Nf6 8. h3 Nh5 9. Bxd6 Qxd6 10. e4 dxe4 11. Nxe4 Qe7 12. 0-0-0 Nd7 13. Rde1 Nhf6 14. g4 Nd5 15. a3 b5 16. c3 N7b6 17. f4 Nc4 18. Nc5 0-0 19. Rhf1 a5 20. Rf3 Rfb8 21. Ng3 h6 22. f5 Qg5+ 23. Kc2 e5 24. dxe5 Rd8 25. Qe2 Nb4+ 26. Kb1 Rd2 27. Qxc4 bxc4 28. Nge4 Qd8 29. Nxd2 Qxd2 30. Rff1 Nd3 31. Nxd3 cxd3 32. Rd1 Qe2 33. Rc1 Rb8 34. b4 axb4 35. cxb4 Ra8 36. Rfe1 Qd2 37. Red1 Qe3 38. Rc3 Rd8 39. h4 Qe4 40. Kc1 Qe2 41. f6 d2+ 42. Kc2 Qe4+ 43. Kb2 Qxe5 44. Kc2 Qe4+ 45. Kb2 gxf6 46. Rc2 Qd4+ 47. Kb1 Qd3 48. Kb2 Qe2 0-1